Monitoring plan and practical design concept for the restoration of the Great Sphinx through the First International Symposium on the Great Sphinx towards global treatment of the Sphinx, Cairo, 29 February-3 March 1992 /

محفوظ في:

المؤلف الرئيسي: Yoshimura, Sakuji, 1943- (مؤلف)

مؤلفون مشاركون: Waseda Daigaku. Egyptian Culture Center., Waseda Daigaku., International Symposium on the Great Sphinx

مؤلفون آخرون: Tanimoto, C., Tonouchi, S.

التنسيق: وقائع المؤتمر كتاب

اللغة: English

منشور في: Tokyo, Japan : Waseda University, 1992.

سلاسل: Studies in Egyptian Culture ; 9.
SEC ; 9.

الموضوعات:

الوسوم: إضافة وسم

لا توجد وسوم, كن أول من يضع وسما على هذه التسجيلة!

رقم الطلب: DT57 .S85 v.9

LEADER 01654namaa2200361 4500
001 19428
003 OSt
005 20250612112224.0
008 130303s1992 ja abe g 100 0 eng d
040 |c ARCE Library 
043 |a f-ua---  
050 4 |a DT57 .S85 v.9 
100 1 |a Yoshimura, Sakuji,   |d 1943-  |e author  |9 42494 
245 1 0 |a Monitoring plan and practical design concept for the restoration of the Great Sphinx through the First International Symposium on the Great Sphinx towards global treatment of the Sphinx, Cairo, 29 February-3 March 1992 /   |c by S. Yoshimura, C. Tanimoto, S. Tonouchi. 
264 1 |a Tokyo, Japan :   |b Waseda University,   |c 1992. 
300 |a 41 pages :   |b illustrations, maps, plans ;   |c 30 cm. 
490 1 |a Studies in Egyptian Culture ;   |v 9. 
490 1 |a SEC ;   |v 9. 
500 |a Restoration proposal submitted by the Waseda Mission. -- Page 1. 
500 |a "Copyright holder : Waseda University Egyptian Culture Center ... Tokyo, Japan" -- Title page verso. 
650 0 |a Great Sphinx (Egypt)  |x Conservation and restoration  |v Congresses. 
650 0 |a Sphinxes (Mythology) in art  |x Conservation and restoration  |v Congresses. 
650 0 |a Monuments  |z Egypt  |z Jīzah  |x Conservation and restoration  |v Congresses. 
700 1 |a Tanimoto, C.  |q (Chikaosa)  |9 40857 
700 1 |a Tonouchi, S.  |q (Shoji)  |9 41188 
710 2 |a Waseda Daigaku.  |b Egyptian Culture Center. 
710 2 |a Waseda Daigaku. 
711 2 |a International Symposium on the Great Sphinx   |n (1st :   |d 1992 :   |c Cairo, Egypt). 
830 0 |a Studies in Egyptian Culture ;   |v 9. 
830 0 |a SEC ;   |v 9. 
901 |a reviewed 
942 |c BK  |2 lcc 
999 |c 18050  |d 18050